000 02351nam a22002777a 4500
001 9435
003 FISKH
005 20260108100540.0
008 260106b cb ||||| |||| 00| 0 eng d
020 _a9789995001919
040 _aFISKH
_bkhr
_cFISKH
_dFISKH
082 _a398.2
100 _aJerng , Yim
245 _aចៅតុំនិងអ្នកតា​​ /
_cអ្នកនិពន្ធលោក យឹម ជឿង ,​ អ្នករៀបរៀង លោក អ៊ាន ភាព និង លោកស្រី ងួន​ សាកល​
260 _aភ្នំពេញ :
_bគ្រឹះស្ថានបោះពុម្ពនិងចែកផ្សាយ ,​
_c២០១៣ .
300 _a16 pages :
_bcolor illustrations ;
_c17 x 17 cm .
490 _aរឿងនិទានអប់រំសម្រាប់កុមារ
505 _aR
520 _aតុំគីជាក្មេងម្នាក់ដែលមានអ្នកស្រលាញ់រាប់អានច្រើន ។ ដោយសារតែវាចង់បានសំនែនដែលគេសែនអោយអ្នកតា វាក៏ធ្វើជាសំលេងខ្មោចបន្លាចអ្នកភូមិអោយខ្លាចមិនហ៊ានដើរកាត់ទីនោះ ។ ថ្ងៃមួយអ្នកតាក៏ចេញមក តុំឃើញក៏ភ័យដល់ជ្រុះសក់ ។ អ្នកតាណែនាំតុំមិនអោយបន្លាចអ្នកភូមិ ហើយអ្នកតាសន្យាថានឹងតាមថែរក្សាតុំជានិច្ច ។​
520 _aTom is a child who is loved and respected by many people. Because he wanted the offerings that people presented hermit, he pretended to make ghostly sounds to scare the villagers so that they would be too afraid to walk past that place. One day, Hermit appeared. When Tom saw him, he was so frightened that his hair nearly fell out. HErmit advised Tom not to scare the villagers anymore and promised that he would always watch over and protect him.
521 8 _a700
_bLexile estimate
521 8 _aR
_bRaz-Plus
700 _aSreang , Heng
_eIllustrator
942 _2ddc
_cKHB
_n0
999 _c9435
_d9435